| Tag |
First Indicator |
Second Indicator |
Subfields |
| LEADER |
00000cgm a2200000Mi 4500 |
| 001 |
in00005579021 |
| 006 |
m o c |
| 007 |
cr |n||||||||a |
| 007 |
vz |za|z| |
| 008 |
210630s2019 ilu004 e o vneng d |
| 005 |
20241201232513.5 |
| 035 |
|
|
|a (OCoLC)on1264102572
|
| 040 |
|
|
|a ALSTP
|b eng
|e rda
|c ALSTP
|d OCLCO
|d OCLCF
|d NYINF
|d CNNOR
|d OCLCO
|d MHD
|d FWR
|
| 019 |
|
|
|a 1373553549
|a 1439854129
|
| 028 |
4 |
0 |
|a 278312
|b Infobase
|
| 028 |
4 |
0 |
|a [278308]s
|b Infobase
|
| 035 |
|
|
|a (OCoLC)1264102572
|z (OCoLC)1373553549
|z (OCoLC)1439854129
|
| 050 |
|
4 |
|a Internet Access
|b AEC
|
| 049 |
|
|
|a TXAM
|
| 245 |
0 |
0 |
|a Patterns of prenatal antidepressant use and adverse neonatal outcomes /
|c American Academy of Pediatrics.
|
| 264 |
|
1 |
|a Itasca, IL :
|b American Academy of Pediatrics,
|c 2019.
|
| 300 |
|
|
|a 1 online resource (4 minutes)
|
| 306 |
|
|
|a 000351
|
| 336 |
|
|
|a two-dimensional moving image
|b tdi
|2 rdacontent
|
| 337 |
|
|
|a computer
|b c
|2 rdamedia
|
| 337 |
|
|
|a video
|b v
|2 rdamedia
|
| 338 |
|
|
|a online resource
|b cr
|2 rdacarrier
|
| 347 |
|
|
|a video file
|2 rda
|
| 490 |
0 |
|
|a Academic Video Online
|
| 500 |
|
|
|a Title from resource description page (viewed July 27, 2021).
|
| 520 |
|
|
|a Using a large, privately insured administrative claims database, authors assessed patterns of antidepressant use in pregnancy and associated offspring outcomes.
|
| 546 |
|
|
|a In English.
|
| 505 |
0 |
0 |
|t Patterns of Prenatal Antidepressant Use and Adverse Neonatal Outcomes (3:51);
|
| 650 |
|
0 |
|a Fetus
|x Effect of drugs on.
|
| 650 |
|
0 |
|a Newborn infants
|x Effect of drugs on.
|
| 650 |
|
0 |
|a Antidepressants.
|
| 650 |
|
0 |
|a Pregnant women
|x Mental health.
|
| 650 |
|
6 |
|a Nouveau-nés
|x Effets des médicaments sur.
|
| 650 |
|
6 |
|a Femmes enceintes
|x Santé mentale.
|
| 650 |
|
7 |
|a Antidepressants.
|2 fast
|0 (OCoLC)fst00810483
|
| 650 |
|
7 |
|a Fetus
|x Effect of drugs on.
|2 fast
|0 (OCoLC)fst00923447
|
| 650 |
|
7 |
|a Newborn infants
|x Effect of drugs on.
|2 fast
|0 (OCoLC)fst01430849
|
| 650 |
|
7 |
|a Pregnant women
|x Mental health.
|2 fast
|0 (OCoLC)fst01075212
|
| 655 |
|
7 |
|a Educational films.
|2 fast
|0 (OCoLC)fst01726235
|
| 655 |
|
7 |
|a Educational films.
|2 lcgft
|
| 655 |
|
7 |
|a Films éducatifs.
|2 rvmgf
|
| 700 |
1 |
|
|a Bandoli, Gretchen,
|e speaker.
|
| 710 |
2 |
|
|a American Academy of Pediatrics,
|e publisher.
|
| 856 |
4 |
0 |
|u http://proxy.library.tamu.edu/login?url=https://www.aspresolver.com/aspresolver.asp?MARC;5115241
|z Connect to this streaming video (Alexander Street Press)
|t 0
|
| 955 |
|
|
|a Alexander Street Press subscription streaming video
|
| 994 |
|
|
|a 92
|b TXA
|
| 999 |
f |
f |
|s 38fc2a83-d71c-4879-822f-567cbef85f46
|i b1d786a4-06e5-4610-bc25-d0bfebf5c051
|t 0
|
| 952 |
f |
f |
|a Texas A&M University
|b College Station
|c Electronic Resources
|d Available Online
|t 0
|e Internet Access AEC
|h Library of Congress classification
|
| 998 |
f |
f |
|a Internet Access AEC
|t 0
|l Available Online
|